Platero y yo / (Record no. 143379)

MARC details
000 -CABECERA
campo de control de longitud fija 00712nam a2200217 a 4500
005 - FECHA Y HORA DE LA ÚLTIMA TRANSACCIÓN
campo de control 20240228063633.0
008 - ELEMENTOS DE LONGITUD FIJA--INFORMACIÓN GENERAL
campo de control de longitud fija 991125s1985 es 000 0 spa u
020 ## - NÚMERO INTERNACIONAL NORMALIZADO PARA LIBROS
Número Internacional Estándar del Libro 9788420726366
035 ## - NÚMERO DE CONTROL DEL SISTEMA
Número de control de sistema UPN01000171274
049 ## - COLECCIÓN
Colección CG
050 #4 - SIGNATURA TOPOGRÁFICA DE LA BIBLIOTECA DEL CONGRESO
Número de clasificación PQ6619 I4
Número de documento/Ítem P5.9a
100 1# - ASIENTO PRINCIPAL--NOMBRE PERSONAL
Nombre de persona Jiménez, Juan Ramón,
Fechas asociadas al nombre 1881-1958
245 10 - MENCIÓN DE TÍTULO
Título Platero y yo /
Mención de responsabilidad, etc. Juan Ramón Jiménez ; ed. introd., notas, comentarios y apéndice Ana Suárez Miramón.
260 ## - PUBLICACIÓN, DISTRIBUCIÓN, ETC.
Lugar de publicación, distribución, etc. [Madrid] :
Nombre del editor, distribuidor, etc. Anaya,
Fecha de publicación, distribución, etc. [1985].
300 ## - DESCRIPCIÓN FÍSICA
Extensión 231 p. :
Otras características físicas il. col.
440 #0 - MENCIÓN DE SERIE/ASIENTO SECUNDARIO--TÍTULO
Título Biblioteca didáctica ;
Designación de volumen o secuencia 10
600 14 - ASIENTO SECUNDARIO DE MATERIA - NOMBRE PERSONAL
Nombre de persona JIMENEZ, JUAN RAMON,
Fechas asociadas al nombre 1881-1958
650 #4 - ASIENTO SECUNDARIO DE MATERIA - TERMINO TEMATICO
Término de materia o nombre geográfico como elemento de entrada Literatura infantil española
9 (RLIN) 5892
700 1# - ASIENTO SECUNDARIO--NOMBRE DE PERSONAL
Nombre de persona Suárez Miramón, Ana,
Término indicativo de función/relación ed.
905 ## - TIPO DE MATERIAL
Tipo de material Libro
Holdings
Estado de retiro Estado de pérdida Fuente del sistema de clasificación o colocación Estado dañado No para préstamo Código de colección Localización permanente Ubicación/localización actual Ubicación en estantería Total de préstamos Clasificación Código de barras Fecha visto por última vez Número de copia Tipo de ítem Koha
    Library of Congress Classification     Colección General Bib. Gregorio Torres Quintero Bib. Gregorio Torres Quintero Planta baja   PQ6619 I4 P5.9a 263214 31/12/2020 1 Libro